NEGARA kita : Sejarah, pentadbiran dan dasar-dasar pembangunan

Bibliographic Details
Format: Book
Published: Kuala Lumpur : Institut Tadbiran Awam Negara , 1980
Subjects:

MARC

LEADER 00000cam a2200000 7i4500
001 0000000698
005 20000923.0
090 0 0 |a 959.5   |b NEG 1980 
245 0 0 |a NEGARA kita :   |b Sejarah, pentadbiran dan dasar-dasar pembangunan 
260 0 0 |a Kuala Lumpur :   |b Institut Tadbiran Awam Negara ,   |c 1980 
300 |a xx, 293 p. :   |b ill. ;   |c 25 cm. 
650 0 0 |a Civil service   |z Malaysia 
651 0 0 |a Malaysia   |x Economic policy 
651 0 0 |a Malaysia   |x History 
745 0 0 |a Institut Tadbiran Awam Negara 
999 |a 0000000062   |b Monograph   |c Open Shelf   |e Default branch 
999 |a 0000001900   |b Monograph   |c Open Shelf   |e Default branch